| 000 | 003280000a22001090004500 | ||
|---|---|---|---|
| 090 |
_aAS _bSeriadas |
||
| 245 | 1 | 0 | _aTrypanosoma lambrechti N. sp. aislado de micos (<Cebus albifrons>) de Colombia |
| 041 | 0 | _aEspaƱol | |
| 100 | 1 |
_aMarinkelle, Cornelis J. _993557 |
|
| 942 | _cARTICULO | ||
| 773 | 1 |
_tCaldasia _345 _h47 _q155-171 _d1968 _g10 |
|
| 999 |
_c14693 _d14693 |
||